000 00554nam a2200229 a 4500
001 nice12345678
003 IN_TiNIC
005 20260116011527.0
008 050524s1961 lona grp 000 0 eng
020 _a
_c100
082 0 0 _a297.1
_bGAR
100 _aGaedet, Louis
245 _aMohammedanism.
260 _aLondon
_bBurns and Oates
_c1961
500 _aincludes index and biblioraphy
505 2 _afaith and fact books;143
650 _aIslam-Meccan Trade
700 1 _aGaedet, Louis
902 _bSRS
942 _cBK
999 _c2329
_d2329